[Event "Titled Tuesday intern op 30th May Late"]
[Site "Chess.com INT"]
[Date "2023.05.30"]
[Round "7"]
[White "Kavutskiy, Konstantin"]
[Black "Ponce Cano, Adrian"]
[Result "1-0"]
[WhiteElo "2414"]
[BlackElo "2210"]
[PlyCount "143"]
[EventDate "2023.05.30"]
[EventType "swiss (blitz)"]
[EventRounds "11"]
[EventCountry "USA"]
[SourceTitle "CBM 214 Extra"]
[Source "ChessBase"]
[SourceDate "2023.07.31"]
[SourceVersion "1"]
[SourceVersionDate "2023.07.31"]
[SourceQuality "1"]

1. d4 d5 2. c4 c6 3. Nf3 Nf6 4. e3 e6 5. Bd3 Bd6 6. b3 0-0 7. Bb2 b6 8. 0-0 Bb7 9. Qc2 c5 10. cxd5 exd5 11. Nc3 Nbd7 12. Bf5 g6 13. Bh3 Re8 14. g3 Rc8 15. Qe2 Ne4 16. Nxe4 dxe4 17. Nd2 cxd4 18. Bxd4 f5 19. Nc4 Ba6 20. Rac1 Be5 21. Rfd1 Bxd4 22. Rxd4 Qe7 23. Qd2 Red8 24. Rd1 Bxc4 25. bxc4 Rc7 26. Rd6 Kf8 27. Qd4 Kg8 28. Bf1 Kf7 29. c5 Ne5 30. Qd5+ Kg7 31. Rxd8 bxc5 32. Kh1 c4 33. Qg8+ Kh6 34. Qf8+ Qxf8 35. Rxf8 Nd3 36. Bxd3 cxd3 37. Rd2 Kg7 38. Rd8 Kf6 39. Kg2 Ke7 40. Rd4 Ke6 41. f3 Ke5 42. fxe4 fxe4 43. h4 h5 44. Rd8 a6 45. Ra8 Rc6 46. Re8+ Kd5 47. Rf2 Kc4 48. Rxe4+ Kc3 49. Rd4 Re6 50. Kf3 Rf6+ 51. Rf4 Re6 52. Rf8 Rc6 53. Kf4 d2 54. Rf1 Kc2 55. Kg5 d1Q 56. Rxd1 Kxd1 57. Rf6 Rc4 58. Kxg6 Rg4+ 59. Kxh5 Rxg3 60. Rxa6 Rxe3 61. a4 Ke2 62. a5 Rg3 63. Re6+ Kf3 64. a6 Kf4 65. Rb6 Kf5 66. a7 Rg7 67. Rb5+ Kf6 68. a8Q Rh7+ 69. Kg4 Rg7+ 70. Kf4 Rg1 71. Rb6+ Ke7 72. Qa7+ 1-0

[Event "Titled Tuesday intern op 28th Feb Late"]
[Site "Chess.com INT"]
[Date "2023.02.28"]
[Round "2"]
[White "Dourerassou, Jonathan"]
[Black "Ponce Cano, Adrian"]
[Result "1-0"]
[WhiteElo "2414"]
[BlackElo "2194"]
[PlyCount "73"]
[EventDate "2023.02.28"]
[EventType "swiss (blitz)"]
[EventRounds "11"]
[EventCountry "USA"]
[SourceTitle "CBM 213 Extra"]
[Source "ChessBase"]
[SourceDate "2023.05.31"]
[SourceVersion "1"]
[SourceVersionDate "2023.05.31"]
[SourceQuality "1"]

1. d4 d5 2. Nf3 c6 3. Bf4 Nf6 4. e3 Bf5 5. Nbd2 e6 6. h3 Bd6 7. Ne5 Ne4 8. c3 Nxd2 9. Qxd2 f6 10. Nd3 0-0 11. Be2 Bxd3 12. Bxd3 Bxf4 13. exf4 Qc7 14. 0-0 Nd7 15. Rae1 Rae8 16. Re2 e5 17. fxe5 fxe5 18. dxe5 Rxe5 19. Rfe1 Qd6 20. c4 Rfe8 21. Qf4 Qf6 22. Qxf6 gxf6 23. cxd5 cxd5 24. Kf1 Kg7 25. Rc1 Rxe2 26. Bxe2 Re7 27. Rc7 b6 28. Rxa7 Kf8 29. Rb7 h6 30. Bb5 Nc5 31. Rxb6 d4 32. Rxf6+ Kg7 33. Rd6 Rb7 34. a4 d3 35. b4 Nxa4 36. Bxa4 Rxb4 37. Bd1 1-0

[Event "Titled Tuesday intern op 28th Feb Late"]
[Site "Chess.com INT"]
[Date "2023.02.28"]
[Round "1"]
[White "Ponce Cano, Adrian"]
[Black "Beerdsen, Thomas"]
[Result "1-0"]
[WhiteElo "2194"]
[BlackElo "2519"]
[PlyCount "109"]
[EventDate "2023.02.28"]
[EventType "swiss (blitz)"]
[EventRounds "11"]
[EventCountry "USA"]
[SourceTitle "CBM 213 Extra"]
[Source "ChessBase"]
[SourceDate "2023.05.31"]
[SourceVersion "1"]
[SourceVersionDate "2023.05.31"]
[SourceQuality "1"]

1. e4 c5 2. Nf3 Nc6 3. c3 e5 4. Bc4 d6 5. h3 Be7 6. 0-0 Nf6 7. Re1 h6 8. d4 g5 9. dxe5 dxe5 10. Qb3 Na5 11. Bb5+ Kf8 12. Qc2 a6 13. Bf1 Nc6 14. Be3 g4 15. hxg4 Bxg4 16. Nbd2 Qc7 17. Nh2 Be6 18. Rad1 b5 19. a3 Kg7 20. Ndf3 Rag8 21. Nh4 Kh7 22. Nf5 Bxf5 23. exf5 e4 24. g3 Bd6 25. Bg2 h5 26. Qd2 Be5 27. Bxc5 h4 28. Bd6 Qb6 29. Bxe5 Nxe5 30. Qd6 Qxd6 31. Rxd6 hxg3 32. fxg3 Kg7 33. Nf1 Rd8 34. Rxd8 Rxd8 35. Bxe4 Nc4 36. Bb7 Rd6 37. b3 Nxa3 38. Ra1 Nc2 39. Ra2 Ne1 40. Rxa6 Rd1 41. Kf2 Rc1 42. Ne3 Rxc3 43. Rxf6 Nd3+ 44. Ke2 Nc1+ 45. Kd2 Rxe3 46. Rxf7+ Kxf7 47. Kxe3 Kf6 48. g4 Nxb3 49. Kf4 Nc5 50. g5+ Kg7 51. f6+ Kg6 52. Be4+ Kf7 53. Kf5 Kf8 54. g6 Nd7 55. g7+ 1-0

[Event "Titled Tuesday intern op 14th Feb Early"]
[Site "Chess.com INT"]
[Date "2023.02.14"]
[Round "4"]
[White "Clawitter, Craig"]
[Black "Ponce Cano, Adrian"]
[Result "1-0"]
[WhiteElo "2050"]
[BlackElo "2194"]
[PlyCount "115"]
[EventDate "2023.02.14"]
[EventType "swiss (blitz)"]
[EventRounds "11"]
[EventCountry "USA"]
[SourceTitle "CBM 212 Extra"]
[Source "ChessBase"]
[SourceDate "2023.03.31"]
[SourceVersion "1"]
[SourceVersionDate "2023.03.31"]
[SourceQuality "1"]

1. e4 c5 2. Nf3 a6 3. c3 d5 4. exd5 Qxd5 5. d4 cxd4 6. cxd4 Nf6 7. Nc3 Qd6 8. g3 e6 9. Bg2 Be7 10. 0-0 0-0 11. Bf4 Qb4 12. Qb3 Qxb3 13. axb3 Nc6 14. Nb5 Bd7 15. Na3 Nd5 16. Nc4 Nxf4 17. gxf4 Rad8 18. Rfd1 Bf6 19. Nfe5 Bxe5 20. dxe5 f6 21. Nd6 fxe5 22. Nxb7 Nd4 23. fxe5 Bb5 24. Nxd8 Rxd8 25. Bf1 Bc6 26. Bg2 Bb5 27. f3 g5 28. Kf2 Kg7 29. Rac1 Kg6 30. Rd2 Nxb3 31. Rxd8 Nxc1 32. Ke3 Nb3 33. Bh3 Nc5 34. Rd6 h5 35. b4 Nd7 36. Bxe6 Nxe5 37. Bc4+ Kg7 38. Bxb5 axb5 39. Rd5 Nc4+ 40. Kd4 Na3 41. Rxg5+ Kh6 42. Rc5 Kg6 43. f4 h4 44. f5+ Kf6 45. h3 Kg5 46. Ke5 Nc4+ 47. Rxc4 bxc4 48. Kd4 Kxf5 49. b5 c3 50. Kxc3 Kf4 51. b6 Kg3 52. b7 Kxh3 53. b8Q Kg2 54. Qg8+ Kh1 55. Qh7 Kg2 56. Qxh4 Kg1 57. Qe4 Kf1 58. Qc2 1-0

[Event "Titled Tuesday intern op 14th Feb Early"]
[Site "Chess.com INT"]
[Date "2023.02.14"]
[Round "1"]
[White "Ponce Cano, Adrian"]
[Black "Sanal, Vahap"]
[Result "0-1"]
[WhiteElo "2194"]
[BlackElo "2590"]
[PlyCount "180"]
[EventDate "2023.02.14"]
[EventType "swiss (blitz)"]
[EventRounds "11"]
[EventCountry "USA"]
[SourceTitle "CBM 212 Extra"]
[Source "ChessBase"]
[SourceDate "2023.03.31"]
[SourceVersion "1"]
[SourceVersionDate "2023.03.31"]
[SourceQuality "1"]

1. e4 c5 2. Nf3 e6 3. d4 cxd4 4. Bg5 Be7 5. Bxe7 Nxe7 6. Qxd4 0-0 7. Qd6 Nbc6 8. Nc3 Qb6 9. 0-0-0 Qxf2 10. Kb1 Qb6 11. g4 Qb4 12. a3 Qxd6 13. Rxd6 Ng6 14. Bb5 Nge5 15. Bxc6 Nxc6 16. h4 f6 17. Rg1 Kf7 18. Rf1 Ke7 19. Rfd1 Nd8 20. e5 Nf7 21. exf6+ gxf6 22. R6d2 Rg8 23. Re1 Kf8 24. Ne4 Rxg4 25. Nxf6 Rf4 26. Nxh7+ Ke7 27. Nhg5 Nxg5 28. Nxg5 b6 29. h5 Bb7 30. Red1 Bc6 31. Rh2 Rg4 32. Nh3 Rh8 33. Nf2 Rg5 34. h6 Rg6 35. h7 Rg7 36. Nd3 Rhxh7 37. Rhd2 Rh1 38. Ne5 Rxd1+ 39. Rxd1 Bd5 40. c4 Be4+ 41. Ka2 d6 42. Nd3 Bxd3 43. Rxd3 e5 44. b4 Ke6 45. Kb3 e4 46. Rh3 Ke5 47. Kc3 Rf7 48. Rh5+ Rf5 49. Rh8 Rf3+ 50. Kb2 e3 51. Kc2 e2 52. Kd2 Rxa3 53. Kxe2 Kd4 54. Rh4+ Kc3 55. b5 Kb4 56. Kd2 Kc5 57. Kc2 Rg3 58. Kb2 Re3 59. Kc2 Kb4 60. Kd2 Rf3 61. Kc2 Rc3+ 62. Kb2 Rxc4 63. Rh7 Kxb5 64. Rxa7 d5 65. Rd7 Kc6 66. Rd8 b5 67. Kb3 Kc5 68. Rh8 Rg4 69. Rc8+ Kd4 70. Rb8 Rg3+ 71. Kb4 Rg1 72. Rh8 Rb1+ 73. Ka3 Kc4 74. Rc8+ Kd3 75. Rh8 d4 76. Ka2 Rb4 77. Ka3 Rb1 78. Ka2 Re1 79. Kb3 Kd2 80. Rh2+ Re2 81. Rh5 d3 82. Rxb5 Kc1 83. Ra5 Re3 84. Ra1+ Kd2 85. Rh1 Rf3 86. Kb2 Rf2 87. Kb3 Rf8 88. Kc4 Rc8+ 89. Kd4 Rd8+ 90. Kc4 Kc2 0-1

[Event "Titled Tuesday intern op 27th Sep Late"]
[Site "Chess.com INT"]
[Date "2022.09.27"]
[Round "3"]
[White "Salinas Herrera, Pablo Patricio"]
[Black "Ponce Cano, Adrian"]
[Result "1-0"]
[WhiteElo "2516"]
[BlackElo "2196"]
[PlyCount "91"]
[EventDate "2022.09.27"]
[EventType "swiss (blitz)"]
[EventRounds "11"]
[EventCountry "USA"]
[SourceTitle "CBM 210 Extra"]
[Source "ChessBase"]
[SourceDate "2022.11.30"]
[SourceVersion "1"]
[SourceVersionDate "2022.11.30"]
[SourceQuality "1"]

1. e4 c5 2. Nf3 a6 3. c4 Nc6 4. g3 e5 5. Bg2 g6 6. 0-0 Bg7 7. d3 Nge7 8. Nc3 0-0 9. Nd5 d6 10. a3 b5 11. b3 f5 12. Rb1 Rb8 13. Bd2 h6 14. Nh4 Kh7 15. f4 exf4 16. Nxe7 Nxe7 17. gxf4 fxe4 18. dxe4 bxc4 19. bxc4 Rxb1 20. Qxb1 Nc6 21. Be1 Bf6 22. Nxg6 Bd4+ 23. Kh1 Kxg6 24. e5+ Bf5 25. Qb7 Nb8 26. Rf3 Bg4 27. Rg3 Rxf4 28. Bd2 Qf8 29. Bxf4 Qxf4 30. Qe4+ Qxe4 31. Bxe4+ Kh5 32. exd6 Be5 33. Rd3 Bd4 34. Rb3 Nd7 35. Rb7 Kg5 36. Bc6 Kf6 37. h3 Bf5 38. Kg2 Ne5 39. Bd5 Bd7 40. Ra7 Bf5 41. Rxa6 Kg7 42. Ra7+ Kf8 43. a4 Ke8 44. a5 Kd8 45. a6 Nd7 46. Ra8+ 1-0

[Event "Titled Tuesday intern op 09th Aug Early"]
[Site "Chess.com INT"]
[Date "2022.08.09"]
[Round "1"]
[White "Aketayeva, Dana"]
[Black "Ponce Cano, Adrian"]
[Result "0-1"]
[WhiteElo "2130"]
[BlackElo "2208"]
[PlyCount "68"]
[EventDate "2022.08.09"]
[EventType "swiss (blitz)"]
[EventRounds "11"]
[EventCountry "USA"]
[SourceTitle "EXT 2023"]
[Source "ChessBase"]
[SourceDate "2022.10.05"]
[SourceVersion "1"]
[SourceVersionDate "2022.10.05"]
[SourceQuality "1"]

1. d4 d5 2. Nf3 e6 3. g3 Nf6 4. Bg2 c5 5. c3 Nc6 6. 0-0 Be7 7. Nbd2 0-0 8. Re1 cxd4 9. Nxd4 Qb6 10. N2b3 e5 11. Nxc6 bxc6 12. Be3 Qc7 13. Bc5 a5 14. a4 Bg4 15. h3 Bf5 16. Rc1 Rfb8 17. Bxe7 Qxe7 18. g4 Be4 19. Bxe4 Nxe4 20. f3 Ng5 21. Kg2 Ne6 22. e3 Qb7 23. Nd2 Qxb2 24. Rc2 Qb6 25. c4 Rd8 26. c5 Nxc5 27. Qc1 Nd3 28. Rxc6 Qb4 29. Qd1 Nxe1+ 30. Qxe1 Qxa4 31. Qc1 Qb4 32. Nf1 a4 33. Ng3 a3 34. e4 Qb2+ 0-1

[Event "Titled Tuesday intern op 09th Aug Late"]
[Site "Chess.com INT"]
[Date "2022.08.09"]
[Round "1"]
[White "Ponce Cano, Adrian"]
[Black "Djordjevic, Dejan N"]
[Result "1-0"]
[WhiteElo "2208"]
[BlackElo "2156"]
[PlyCount "55"]
[EventDate "2022.08.09"]
[EventType "swiss (blitz)"]
[EventRounds "11"]
[EventCountry "USA"]
[SourceTitle "EXT 2023"]
[Source "ChessBase"]
[SourceDate "2022.10.05"]
[SourceVersion "1"]
[SourceVersionDate "2022.10.05"]
[SourceQuality "1"]

1. e4 c5 2. Nf3 Nc6 3. c3 d5 4. exd5 Qxd5 5. Na3 Bg4 6. Be2 e6 7. 0-0 Nf6 8. d4 cxd4 9. Nb5 Qd8 10. Nbxd4 Be7 11. Nxc6 bxc6 12. Nd4 Bxe2 13. Qxe2 Qc7 14. Qf3 Rc8 15. Bf4 Qb7 16. b3 0-0 17. Rfe1 Rfd8 18. Rad1 Qa6 19. a4 Nd5 20. Be5 Bf8 21. Qg4 Nxc3 22. Nxe6 fxe6 23. Bxc3 Rxd1 24. Qxe6+ Kh8 25. Rxd1 Rb8 26. Rd7 Qb6 27. h3 Qxb3 28. Qe5 1-0

[Event "Titled Tuesday intern op 02nd Aug Early"]
[Site "Chess.com INT"]
[Date "2022.08.02"]
[Round "6"]
[White "Concio, Michael Jr"]
[Black "Ponce Cano, Adrian"]
[Result "0-1"]
[WhiteElo "2373"]
[BlackElo "2208"]
[PlyCount "130"]
[EventDate "2022.08.02"]
[EventType "swiss (blitz)"]
[EventRounds "11"]
[EventCountry "USA"]
[SourceTitle "EXT 2023"]
[Source "ChessBase"]
[SourceDate "2022.10.05"]
[SourceVersion "1"]
[SourceVersionDate "2022.10.05"]
[SourceQuality "1"]

1. e4 c5 2. g3 Nc6 3. Bg2 e6 4. c4 Nf6 5. Nc3 d6 6. Nge2 e5 7. 0-0 g6 8. d3 Bg7 9. h3 0-0 10. Be3 Nd4 11. Kh2 a6 12. a4 b6 13. f4 Rb8 14. Rf2 Nh5 15. Bxd4 cxd4 16. Nd5 Be6 17. Nb4 exf4 18. Nxf4 Nxg3 19. Kxg3 Be5 20. Kh2 Qh4 21. Qf1 g5 22. Nc6 Bxf4+ 23. Rxf4 gxf4 24. Nxb8 Rxb8 25. Qf3 Kh8 26. Rg1 Rg8 27. Bf1 Rxg1 28. Kxg1 Qg5+ 29. Kh2 Kg7 30. b4 Kf6 31. Be2 Ke5 32. Bf1 Kf6 33. Be2 Ke7 34. Bf1 Qh4 35. Kg1 Qg5+ 36. Kh2 Qh4 37. Qg2 Qe1 38. Qg5+ f6 39. Qxf4 Qxb4 40. Qh6 Qb2+ 41. Kg1 Qc2 42. Qxh7+ Bf7 43. a5 bxa5 44. Qh8 Qd2 45. Qa8 Qe3+ 46. Kh1 Qf3+ 47. Bg2 Qd1+ 48. Kh2 Qxd3 49. Qb7+ Kf8 50. Qxa6 Qe3 51. Qxd6+ Kg7 52. c5 d3 53. c6 d2 54. c7 Qc3 55. c8Q Qxc8 56. Qxd2 Qc7+ 57. Kh1 Qe5 58. h4 Be6 59. Bf3 a4 60. Qg2+ Kf8 61. Qc2 a3 62. Qd2 a2 63. Qd8+ Kg7 64. Qe7+ Bf7 65. Bh5 Qxe7 0-1

[Event "Titled Tuesday intern op 02nd Aug Early"]
[Site "Chess.com INT"]
[Date "2022.08.02"]
[Round "2"]
[White "Ponce Cano, Adrian"]
[Black "Krzywda, Andrzej"]
[Result "1-0"]
[WhiteElo "2208"]
[BlackElo "2246"]
[PlyCount "77"]
[EventDate "2022.08.02"]
[EventType "swiss (blitz)"]
[EventRounds "11"]
[EventCountry "USA"]
[SourceTitle "EXT 2023"]
[Source "ChessBase"]
[SourceDate "2022.10.05"]
[SourceVersion "1"]
[SourceVersionDate "2022.10.05"]
[SourceQuality "1"]

1. e4 c5 2. Nf3 Nc6 3. c3 e5 4. Bc4 Nf6 5. Qe2 Be7 6. 0-0 0-0 7. Rd1 d6 8. h3 Na5 9. Bb3 Nxb3 10. axb3 Be6 11. Ra3 Qc7 12. d3 h6 13. c4 Nd7 14. Nc3 Nb8 15. Be3 Nc6 16. Qd2 Kh7 17. Nd5 Bxd5 18. exd5 Nd4 19. Bxd4 cxd4 20. b4 f5 21. Re1 Bf6 22. Qc2 g6 23. c5 Rfd8 24. Rc1 dxc5 25. bxc5 Rxd5 26. b4 a6 27. Qa2 Rad8 28. Rb3 e4 29. Nd2 e3 30. Nc4 Re8 31. fxe3 Bg5 32. Re1 dxe3 33. Rc3 Qg3 34. Qe2 Bf4 35. Kf1 Qh2 36. Qf3 Bg3 37. Ke2 Rdd8 38. Rf1 Bf2 39. Nd6 1-0

[Event "Salamanca Unamuno Cup"]
[Site "Salamanca"]
[Date "2021.12.06"]
[Round "7"]
[White "De Pedro Cuadrado, Marcos"]
[Black "Ponce Cano, Adrian"]
[Result "0-1"]
[WhiteElo "1935"]
[BlackElo "2174"]
[PlyCount "78"]
[EventDate "2021.12.03"]
[EventType "swiss"]
[EventRounds "9"]
[EventCountry "ESP"]
[SourceTitle "EXT 2023"]
[Source "ChessBase"]
[SourceDate "2022.10.05"]
[SourceVersion "1"]
[SourceVersionDate "2022.10.05"]
[SourceQuality "1"]

1. e4 c5 2. Nf3 Nc6 3. g3 d6 4. Bg2 g6 5. 0-0 Bg7 6. c3 e5 7. h3 Nge7 8. Na3 0-0 9. Nc2 f5 10. exf5 Nxf5 11. d3 h6 12. Ne3 Nfe7 13. Nd2 Be6 14. Ne4 b6 15. Ng4 Kh7 16. f4 d5 17. Nef2 exf4 18. Bxf4 g5 19. Bd2 Qd6 20. Qe2 Bd7 21. Nh1 Nf5 22. Be1 Rae8 23. Qd2 Ne5 24. Ne3 Nxe3 25. Rxf8 Rxf8 26. Qxe3 d4 27. Be4+ Kh8 28. cxd4 cxd4 29. Qe2 Bxh3 30. Bd2 Bg4 31. Qe1 a5 32. Rb1 Bf3 33. Qc1 Bxh1 34. Kxh1 Nxd3 35. Qc2 Nf2+ 36. Kg2 Qe6 37. Bf3 Qh3+ 38. Kxf2 Qh2+ 39. Ke1 Qxg3+ 0-1

[Event "Titled Tuesday intern op 13th Apr"]
[Site "Chess.com INT"]
[Date "2021.04.13"]
[Round "1"]
[White "Buksa, Nataliya"]
[Black "Ponce Cano, Adrian"]
[Result "0-1"]
[WhiteElo "2419"]
[BlackElo "2165"]
[PlyCount "112"]
[EventDate "2021.04.13"]
[EventType "swiss (blitz)"]
[EventRounds "11"]
[EventCountry "USA"]
[SourceTitle "CBM 201 Extra"]
[Source "ChessBase"]
[SourceDate "2021.05.31"]
[SourceVersion "1"]
[SourceVersionDate "2021.05.31"]
[SourceQuality "1"]

1. d4 d5 2. Nc3 c6 3. Bf4 e6 4. e3 Bd6 5. Bd3 Bxf4 6. exf4 Qc7 7. g3 Qb6 8. Nge2 Qxb2 9. 0-0 Ne7 10. Re1 g6 11. h3 Qa3 12. Kg2 Nd7 13. g4 Nb6 14. Qd2 Bd7 15. Rab1 Qd6 16. Ng3 0-0 17. a4 c5 18. a5 Nc4 19. Bxc4 dxc4 20. Nce4 Bc6 21. Kg1 Qxd4 22. Qe2 Nd5 23. c3 Nxc3 24. Nxc3 Qxc3 25. Rbc1 Qd3 26. Qe3 b6 27. f5 exf5 28. gxf5 Qxe3 29. Rxe3 b5 30. f6 Rfe8 31. Rce1 Kf8 32. Nf1 Rxe3 33. Nxe3 Re8 34. Rd1 Be4 35. Rd7 c3 36. Rc7 c4 37. Rxa7 c2 38. Nxc2 Bxc2 39. Rb7 Ba4 40. Rc7 Ra8 41. a6 Bb3 42. a7 c3 43. Rb7 Re8 44. Rb8 Bd5 45. Rxb5 Be4 46. Rc5 c2 47. Kh2 Ra8 48. Kg3 g5 49. h4 h6 50. hxg5 hxg5 51. Kg4 Ke8 52. Kxg5 Rxa7 53. Kf4 Bg6 54. Ke3 Kd7 55. Kd2 Rc7 56. Rd5+ Ke6 0-1

[Event "Titled Tuesday intern op 13th Apr"]
[Site "Chess.com INT"]
[Date "2021.04.13"]
[Round "2"]
[White "Ponce Cano, Adrian"]
[Black "Diaz Perez, Michel Alejandro"]
[Result "0-1"]
[WhiteElo "2165"]
[BlackElo "2459"]
[PlyCount "82"]
[EventDate "2021.04.13"]
[EventType "swiss (blitz)"]
[EventRounds "11"]
[EventCountry "USA"]
[SourceTitle "CBM 201 Extra"]
[Source "ChessBase"]
[SourceDate "2021.05.31"]
[SourceVersion "1"]
[SourceVersionDate "2021.05.31"]
[SourceQuality "1"]

1. e4 d6 2. d4 Nd7 3. Nf3 Ngf6 4. Nc3 e5 5. Bc4 Be7 6. h3 c6 7. Bb3 a5 8. a4 0-0 9. Be3 Qc7 10. g4 exd4 11. Nxd4 Nc5 12. g5 Nfxe4 13. Nxe4 Nxe4 14. Qd3 d5 15. h4 Re8 16. 0-0-0 Bd6 17. Kb1 Bd7 18. h5 Nc5 19. Qc3 Nxb3 20. Qxb3 b5 21. g6 bxa4 22. Qd3 Be6 23. h6 fxg6 24. hxg7 Qxg7 25. Rh4 Rab8 26. Rdh1 h5 27. Rg1 Bf7 28. Bc1 Re5 29. Nxc6 Rb7 30. Nxe5 Bxe5 31. Qa6 Rb8 32. Qa7 a3 33. b3 a4 34. Rxh5 axb3 35. cxb3 Rxb3+ 36. Ka2 d4 37. Bh6 Rb7+ 38. Kxa3 Bd6+ 39. Qc5 Ra7+ 40. Kb4 Bxc5+ 41. Kxc5 Qf6 0-1

[Event "Titled Tuesday intern op 13th Apr"]
[Site "Chess.com INT"]
[Date "2021.04.13"]
[Round "3"]
[White "Shuvalov, Evgenij"]
[Black "Ponce Cano, Adrian"]
[Result "1-0"]
[WhiteElo "2182"]
[BlackElo "2165"]
[PlyCount "61"]
[EventDate "2021.04.13"]
[EventType "swiss (blitz)"]
[EventRounds "11"]
[EventCountry "USA"]
[SourceTitle "CBM 201 Extra"]
[Source "ChessBase"]
[SourceDate "2021.05.31"]
[SourceVersion "1"]
[SourceVersionDate "2021.05.31"]
[SourceQuality "1"]

1. e4 c5 2. Nf3 e6 3. d4 cxd4 4. Nxd4 Nf6 5. Nc3 Nc6 6. Nxc6 bxc6 7. e5 Nd5 8. Ne4 Qc7 9. f4 Qb6 10. c4 Bb4+ 11. Ke2 f5 12. exf6 Nxf6 13. Be3 Qb8 14. Nxf6+ gxf6 15. Kf2 Be7 16. Qh5+ Kd8 17. b3 c5 18. Rd1 Bb7 19. Be2 f5 20. Qf7 Bd6 21. Qf6+ Kc7 22. Rxd6 Kxd6 23. Rd1+ Kc7 24. Bxc5 Qe8 25. Bd6+ Kc8 26. Qd4 Rg8 27. Qc5+ Bc6 28. Bf3 Kb7 29. Qb5+ Kc8 30. Qa6+ Kd8 31. Qa5+ 1-0

[Event "Mallorca-chT Preferente"]
[Site "Mallorca"]
[Date "2021.03.06"]
[Round "1"]
[White "Ferenczi, Robert Frank"]
[Black "Ponce Cano, Adrian"]
[Result "0-1"]
[WhiteElo "1755"]
[BlackElo "2165"]
[PlyCount "59"]
[EventDate "2021.03.06"]
[EventType "team-swiss"]
[EventRounds "7"]
[EventCountry "ESP"]
[SourceTitle "EXT 2023"]
[Source "ChessBase"]
[SourceDate "2022.10.05"]
[SourceVersion "1"]
[SourceVersionDate "2022.10.05"]
[SourceQuality "1"]
[WhiteTeam "Alcudia"]
[BlackTeam "Agora Megaescacs"]
[WhiteTeamCountry "ESP"]
[BlackTeamCountry "ESP"]

1. e4 c5 2. Nc3 e6 3. f4 d5 4. Nf3 Nc6 5. Bb5 Nf6 6. Bxc6+ bxc6 7. e5 Nd7 8. d3 Be7 9. 0-0 0-0 10. b3 Ba6 11. Re1 Qc7 12. Ne2 f6 13. Ng3 Rae8 14. c4 Rf7 15. Bb2 fxe5 16. fxe5 Ref8 17. Qd2 h6 18. Qe2 Bc8 19. Rf1 d4 20. Rae1 Qa5 21. Ra1 Qc7 22. Rae1 Bd8 23. Qe4 Nb6 24. Ba3 Be7 25. Bc1 Qd7 26. Qg6 Kh8 27. Qh5 Qe8 28. Rf2 Bd8 29. Ref1 Kg8 30. Qg4 0-1

[Event "Calvia Amateur op 17th"]
[Site "Calvia"]
[Date "2020.10.11"]
[Round "2"]
[White "Vicens Company, Maria Antonia"]
[Black "Ponce Cano, Adrian"]
[Result "0-1"]
[WhiteElo "1872"]
[BlackElo "2169"]
[PlyCount "50"]
[EventDate "2020.10.10"]
[EventType "swiss"]
[EventRounds "9"]
[EventCountry "ESP"]
[SourceTitle "CBM 198 Extra"]
[Source "ChessBase"]
[SourceDate "2020.11.30"]
[SourceVersion "1"]
[SourceVersionDate "2020.11.30"]
[SourceQuality "1"]

1. e4 c5 2. Nf3 d6 3. d4 cxd4 4. Qxd4 Nc6 5. Qe3 g6 6. Be2 Bg7 7. 0-0 Nf6 8. h3 0-0 9. c4 Nd7 10. Nc3 Nde5 11. Nh2 b6 12. b3 Bb7 13. Bb2 Nd7 14. Rab1 Nd4 15. Rfd1 e5 16. Qd2 Nc5 17. f3 f5 18. b4 Nce6 19. Nf1 Nf4 20. Ne3 Qg5 21. Kh2 Bh6 22. Bc1 fxe4 23. Bf1 exf3 24. g3 f2 25. h4 Nf3+ 0-1